Normal view
MARC view
- DATA PROTECTION-MANAGING
Entry Topical Term
001 - CONTROL NUMBER
- control field: 75491
003 - CONTROL NUMBER IDENTIFIER
- control field: NUST
005 - DATE AND TIME OF LATEST TRANSACTION
- control field: 20210628205425.0
008 - FIXED-LENGTH DATA ELEMENTS
- fixed length control field: 210628|| aca||aabn | a|a d
040 ## - CATALOGING SOURCE
- Original cataloging agency: NUST
- Transcribing agency: NUST
150 ## - HEADING--TOPICAL TERM
- Topical term or geographic name entry element: DATA PROTECTION-MANAGING
670 ## - SOURCE DATA FOUND
- Source citation: Work cat.: (NUST): Pounder, Chris.Dr Kosten, Freddy 75490, Managing data protection, 1992
